| 000 | 00403nam a22001337a 4500 | ||
|---|---|---|---|
| 020 | _a0-444-87890-4 | ||
| 082 | _a621.38173 CIR'R | ||
| 100 |
_aRUEHLI, A. E _965880 |
||
| 245 | _aCIRCUIT ANALYSIS SIMULATION AND DESIGN, VLSI CIRCUIT ANALYSIS AND SIMULATION | ||
| 260 |
_aNEWYORK _bNORTH HOLLAND _c1987 |
||
| 300 | _a399P | ||
| 650 |
_aINEGRATED CIRCUITS ELECTRONIC CIRCUIT ANALYSIS _965881 |
||
| 942 | _cBK | ||
| 999 |
_c573964 _d573964 |
||